书目信息 |
| 题名: |
生物农药科学使用指南
|
|
| 作者: | 吴文君 , 高希武 , 张帅 主编 | |
| 分册: | ||
| 出版信息: | 北京 化学工业出版社 2017.1 |
|
| 页数: | 290页 | |
| 开本: | 23cm | |
| 丛书名: | ||
| 单 册: | ||
| 中图分类: | S482.1-62 | |
| 科图分类: | ||
| 主题词: | 生物农药--农药施用--指南 | |
| 电子资源: | ||
| ISBN: | 978-7-122-28073-2 | |
| 000 | 01007nam0 2200253 450 | |
| 001 | 0400002327 | |
| 005 | 20171020164458.0 | |
| 010 | @a978-7-122-28073-2@dCNY50.00 | |
| 100 | @a20170215d2017 em y0chiy50 ea | |
| 101 | 0 | @achi |
| 102 | @aCN@b110000 | |
| 105 | @ay z 001yy | |
| 106 | @ar | |
| 200 | 1 | @a生物农药科学使用指南@9sheng wu nong yao ke xue shi yong zhi nan@f吴文君,高希武,张帅主编 |
| 210 | @a北京@c化学工业出版社@d2017.1 | |
| 215 | @a290页@d23cm | |
| 330 | @a本书在简述生物农药基本概念与基本特点的基础上,详细介绍了各大类型生物农药如植物源农药、微生物源农药、昆虫信息素、微生物农药、天敌昆虫以及植物农药等内容,另外,还介绍了生物农药的制剂加工与应用技术、生物农药的登记管理等,重点介绍了欧美及我国对生物农药登记的具体资料要求。 | |
| 606 | 0 | @a生物农药@x农药施用@j指南 |
| 690 | @aS482.1-62@v5 | |
| 701 | 0 | @a吴文君@9wu wen jun@4主编 |
| 701 | 0 | @a高希武@9gao xi wu@4主编 |
| 701 | 0 | @a张帅@9zhang shuai@4主编 |
| 801 | 0 | @aCN@b91MARC@c20171020 |
| 905 | @b1032060-4@dS482.1-62@f5@e130 | |
| 生物农药科学使用指南/吴文君,高希武,张帅主编.-北京:化学工业出版社,2017.1 |
| 290页;23cm |
| ISBN 978-7-122-28073-2:CNY50.00 |
| 本书在简述生物农药基本概念与基本特点的基础上,详细介绍了各大类型生物农药如植物源农药、微生物源农药、昆虫信息素、微生物农药、天敌昆虫以及植物农药等内容,另外,还介绍了生物农药的制剂加工与应用技术、生物农药的登记管理等,重点介绍了欧美及我国对生物农药登记的具体资料要求。 |
| ● |
| 相关链接 |
|
|
|
|
正题名:生物农药科学使用指南
索取号:S482.1-62/130
 
预约/预借
| 序号 | 登录号 | 条形码 | 馆藏地/架位号 | 状态 | 备注 |
| 1 | 1032060 | 210320605 | 第二样本阅览室/ [索取号:S482.1-62/130] | 在馆 | |
| 2 | 1032061 | 210320614 | 密集书库-生命科学系/ [索取号:S482.1-62/130] | 在馆 | |
| 3 | 1032062 | 210320623 | 第三借阅区/ [索取号:S482.1-62/130] | 在馆 | |
| 4 | 1032063 | 210320632 | 第三借阅区/ [索取号:S482.1-62/130] | 在馆 | |
| 5 | 1032064 | 210320641 | 第三借阅区/ [索取号:S482.1-62/130] | 在馆 |